00962cam a2200277 a 4500001000500000005001700005020001800022040002300040050002400063082001300087100002400100245008100124260003400205300003900239490003000278500002900308505000800337520014200345521002000487521002000507650005300527650002600580650002000606650002600626700003200652144220230908151523.0 a9780590706360 aDLCcDLCdDLCbeng00aPZ7.O81167bGh 199700aFic 2211 aOsborne, Mary Pope.10aGhost town at sundown /cby Mary Pope Osborne ; illustrated by Sal Murdocca. aNew York :bScholastic,c1997 a73 pages :billustrations ;c20 cm aMagic Tree HousevBook 10 a"A stepping stone book." aK  aTheir magic tree house takes Jack and Annie back to the Wild West, where they experience excitement and danger and try to solve a riddle.0 a510 bLexile 1 aK bRaz-Plus  1aFrontier and pioneer lifezWest (U.S.)xFiction. 1aTime travelxFiction. 1aMagicxFiction. 1aTree housesxFiction.1 aMurdocca, Saleillustrator